| 000 | 01193cam a2200349 i 4500 | ||
|---|---|---|---|
| 001 | 200429878 | ||
| 003 | TR-AnTOB | ||
| 005 | 20240823161338.0 | ||
| 007 | ta | ||
| 008 | 180613s2017 tu e 000 0 tur d | ||
| 020 | _a9786059446167 | ||
| 040 |
_aTR-AnTOB _btur _erda _cTR-AnTOB _dTR-AnTOB |
||
| 041 | 0 | _atur | |
| 050 |
_aDS54.7 _b.K5 2017 |
||
| 090 |
_aDS54.7 _b.K5 2017 |
||
| 245 | 0 | 0 |
_aKıbrıs'ta son söz!.. kim söyleyecek? _ceditör Necdet Basa. |
| 250 | 3 | 0 | _aKıbrıs'ta son söz Kim söyleyecek? |
| 264 | 1 |
_aAnkara : _bTürkiye Barolar Birliği, _c2017. |
|
| 300 |
_a118 sayfa ; _c21 sm. |
||
| 336 |
_atext _0rdacontent _2rdacontent _btxt |
||
| 337 |
_aunmediated _2rdamedia _bn |
||
| 338 |
_avolume _2rdacarrier _bnc |
||
| 490 | 0 |
_aTürkiye Barolar Birliği Yayınları ; _v333 |
|
| 651 | 0 |
_aKıbrıs _xTarih _983822 |
|
| 651 | 7 |
_aKıbrıs _xDış ilişkiler _2etuturkob _926563 |
|
| 651 | 0 |
_aTürkiye _xDış ilişkiler _9120441 |
|
| 651 | 7 |
_aYunanistan _xDış ilişkiler _2etuturkob _955660 |
|
| 700 | 1 |
_aBasa, Necdet _eeditor _9120363 |
|
| 856 | _uhttp://tbbyayinlari.barobirlik.org.tr/TBBBooks/594.pdf | ||
| 942 |
_2lcc _cBK |
||
| 999 |
_c200429878 _d47804 |
||